书目信息 |
| 题名: |
衡阳方言语法研究
|
|
| 作者: | 彭兰玉 著 | |
| 分册: | ||
| 出版信息: | 北京 中国社会科学出版社 2005 |
|
| 页数: | 301页 | |
| 开本: | 21cm | |
| 丛书名: | ||
| 单 册: | ||
| 中图分类: | H174 | |
| 科图分类: | ||
| 主题词: | 湘语--语法--研究--衡阳市 | |
| 电子资源: | ||
| ISBN: | 7-5004-4984-4 | |
| 000 | 01033nam0 2200217 450 | |
| 001 | TS2006026680 | |
| 005 | 20070108142640.85 | |
| 010 | @a7-5004-4984-4@dCNY28.00 | |
| 100 | @a20060829d2005 ekmy0chiy0120 ea | |
| 101 | 0 | @achi |
| 102 | @aCN@b110000 | |
| 105 | @ak z 000yy | |
| 200 | 1 | @a衡阳方言语法研究@AHeng Yang Fang Yan Yu Fa Yan Jiu@f彭兰玉著@FPeng Lan Yu Zhu |
| 210 | @a北京@c中国社会科学出版社@d2005 | |
| 215 | @a301页@d21cm | |
| 330 | @a衡阳方言与长沙话同属湘方言的一个次方言。本书探讨衡阳方言语法特点,属单点性语法研究,全文共有十章,主要有以下两方面内容:一是共时语法系统的描写,包括语缀、状态词、代词、介词、语气词、体貌表达、程度表达、疑问句等。这些描写勾画出饶有特色的子系统,反映衡阳方言语法系统中词类、句法等方面的基本特点。二是历时和共时的比较研究,主要是从语言发展的角度,通过与汉语史料以及其他相关方言的纵横比较,认识语言事实,从中发现和总结规律。 | |
| 606 | @a湘语@x语法@x研究@y衡阳市 | |
| 690 | @aH174@v4 | |
| 701 | 0 | @a彭兰玉@APeng Lan Yu@4著 |
| 801 | 0 | @aCN@b中图数据@c20070108 |
| 905 | @a10447@dH174@e27 | |
| 衡阳方言语法研究/彭兰玉著.-北京:中国社会科学出版社,2005 |
| 301页;21cm |
| ISBN 7-5004-4984-4:CNY28.00 |
| 衡阳方言与长沙话同属湘方言的一个次方言。本书探讨衡阳方言语法特点,属单点性语法研究,全文共有十章,主要有以下两方面内容:一是共时语法系统的描写,包括语缀、状态词、代词、介词、语气词、体貌表达、程度表达、疑问句等。这些描写勾画出饶有特色的子系统,反映衡阳方言语法系统中词类、句法等方面的基本特点。二是历时和共时的比较研究,主要是从语言发展的角度,通过与汉语史料以及其他相关方言的纵横比较,认识语言事实,从中发现和总结规律。 |
| ● |
| 相关链接 |
|
|
|
|
正题名:衡阳方言语法研究
索取号:H174/27
 
预约/预借
| 序号 | 登录号 | 条形码 | 馆藏地/架位号 | 状态 | 备注 |
| 1 | 0607948 | 206079483 | 第二样本阅览室/ [索取号:H174/27] | 在馆 | |
| 2 | 0607949 | 206079492 | 第四借阅区/ [索取号:H174/27] | 在馆 | |
| 3 | 0607950 | 206079508 | 第四借阅区/ [索取号:H174/27] | 在馆 | |
| 4 | 0607951 | 206079517 | 第四借阅区/ [索取号:H174/27] | 在馆 | |
| 5 | 0607952 | 206079526 | 第四借阅区/ [索取号:H174/27] | 在馆 |